000 00504nam a22001817a 4500
999 _c17227
_d17227
003 OSt
005 20200218101245.0
008 160513b xxu||||| |||| 00| 0 eng d
020 _a9966776036
040 _aMMU
_beng
_cMMU
_dMMU
050 _aZA3075 .A26 2006
100 _aAbonyo A.Jayne
245 _aInformation search guide for students and researchers/
_cJayne A.Abonyo.
260 _aNairobi:
_bJayne Abonyo,
_c2006.
300 _a34 p. :
650 _aInformation search
942 _2lcc
_cLOAN LOAN